000 01089 a2200217 4500
003 NUST
005 20230706092002.0
010 _a 2005051967
040 _cNust
082 0 0 _a516.5,SEI
100 1 _aSeidenberg, A.
_9113379
245 1 0 _aLectures in projective geometry /
_cA. Seidenberg.
260 _aMineola, N.Y. :
_bDover Publications,
_c2005.
300 _ax, 230 p. :
_bill. ;
_c22 cm.
440 0 _aDover books on mathematics
_98878
505 _aProjective Geometry As An Extension Of High School Geometry (Page-1), The Axiomatic Foundation (Page-42), Establishing Coordinates In A Plane (Page-68), Relation Between The Basic Theorems (Page-89), Conics (Page-106), Higher-Dimensional Spaces Resumed (Page-122), Coordinate Sys And Linear Transformations (Page-141), Coordinate Sys Abstractly Considered (Page-165), Conic Sections Analytically Treated (Page-177).
650 0 _aGeometry, Analytic.
650 0 _aGeometry, Projective.
_92863
856 4 2 _3Publisher description
_uhttp://www.loc.gov/catdir/enhancements/fy0625/2005051967-d.html
942 _2ddc
_cBK
_k516.5,SEI
999 _c180920
_d180920